00391pab a2200157 454500008004000000100002200040245005700062260000900119300001500128362001200143650002500155650001000180650001100190650001400201773001800215180718b2015 xxu||||| |||| 00| 0 eng d aRamanujam, Renuka aTribal women domestic workers and placement agencies c2015 ap.393-408. aOct-Dec aEmployment services. aWomen aTribes aDomestics aSocial Action